000 00360nam a2200145Ia 4500
008 230917s9999||||xx |||||||||||||| ||und||
040 _e51821
_aMAIN
041 _aEnglish
082 _aB N315G:N
100 _aGanesh Prasad
245 0 _aNehru: a study in colonial liberalism
260 _aNew Delhi
_bSterling
_c1976
300 _avi, 218 p.
942 _cBK
999 _c177950
_d177950